El futuro sonriendo nos espera : (Registro nro. 7336)

Detalles MARC
000 -LIDER
fixed length control field 01185nam a2200361 a 4500
001 - NÚMERO DE CONTROL
Identificador de número de control 000028776
003 - IDENTIFICACDOR DE NÚMERO DE CONTROL
control field DO-SdBNP
005 - DATE AND TIME OF LATEST TRANSACTION
control field 20180130102151.0
007 - CAMPOS FIJOS DE DESCRIPCIÓN FÍSICA
fixed length control field 000028776
008 - ELEMENTOS DE LONGITUD FIJA
fixed length control field 110412s2011 dr ac 000 p spa d
020 ## - ISBN
International Standard Book Number 9789945429046
040 ## - FUENTE DE CATALOGACIÓN
Agencia que crea de manera original el registro BPMSU
Idioma de catalogación spa
Agencia que realiza la transcripción BPMSU
082 #4 - NÚMERO DE CLASIFICACIÓN DECIMAL DE DEWEY
Classification number RD861.408
Item number F996s
245 01 - MENCIÓN DE TITULO
Título El futuro sonriendo nos espera :
Subtítulo poesía dominicana /
Mención de responsabilidad Juan Antonio Alix...[et al.] ; selección y notas de José Enrique García
250 ## - MENCIÓN DE EDICION
Mención de edición 2a. ed
260 ## - PUBLICACIÓN, DISTRIBUCIÓN, ETC. (PIE DE IMPRENTA)
Lugar de publicación, distribución, etc Santo Domingo :
Nombre del editor, distribuidor, etc. Santillana,
Fecha de publicación, distribución, etc 2011
300 ## - DESCRIPCIÓN FÍSICA
Extensión 210 p. :
Otros detalles físicos il., retrs. ;
Dimensiones 22 cm.
490 1# - MENCIÓN DE SERIES
Mención de serie Alfaguara juvenil
504 ## - NOTA DE BIBLIOGRAFÍA, ETC.
Bibliography, etc Bibliografía : p. 207-210
650 #4 - ENCABEZAMIENTO DE MATERIA--TEMÁTICO
Término temático o nombre geográfico como elemento de entrada POESÍA JUEVENIL DOMINICANA
Subdivisión temática general COLECCIONES
650 #4 - ENCABEZAMIENTO DE MATERIA--TEMÁTICO
Término temático o nombre geográfico como elemento de entrada LITERATURA JUVENIL DOMINICANA
700 12 - ASIENTO SECUNDARIO -- NOMBRE PERSONAL
Nombre personal García, José Enrique,
Fechas asociadas con el nombre 1948-
700 12 - ASIENTO SECUNDARIO -- NOMBRE PERSONAL
Nombre personal Alix, Juan Antonio,
Fechas asociadas con el nombre 1833-1918
830 #0 - ASIENTO SECUNDARIO DE SERIE--TÍTULO UNIFORME
Título uniforme Alfaguara juvenil
910 ## - VALIDACIÓN
Validación Validado. Control de calidad EMS.
930 #1 - EQUIVALENCE OR CROSS-REFERENCE-UNIFORM TITLE HEADING [LOCAL, CANADA]
Language of a work
Medium of performance for music
Medium
Field link and sequence number
Date of a work
Name of part/section of a work
Miscellaneous information
930 #1 - EQUIVALENCE OR CROSS-REFERENCE-UNIFORM TITLE HEADING [LOCAL, CANADA]
Language of a work
Medium of performance for music
Medium
Field link and sequence number
Date of a work
Name of part/section of a work
Miscellaneous information
Medium
942 ## - ADDED ENTRY ELEMENTS (KOHA)
Source of classification or shelving scheme Dewey Decimal Classification
Koha item type Libros
945 ## - INFORMACIÓN DE PROCESAMIENTO LOCAL
Información de procesamiento local Inventariado juvenil dom / 2017 VM
956 ## - LOCAL ELECTRONIC LOCATION AND ACCESS (OCLC)
Nombre de host
Número de acceso
Información de compresión
Inicio de sesión
Procesador de solicitud
956 ## - LOCAL ELECTRONIC LOCATION AND ACCESS (OCLC)
Nombre de host VMATEO
Número de acceso 10
Información de compresión 20110413
Inicio de sesión BPMSU
Procesador de solicitud 1410
956 ## - LOCAL ELECTRONIC LOCATION AND ACCESS (OCLC)
Nombre de host
Número de acceso
Información de compresión
Inicio de sesión
Procesador de solicitud
Existencias
Withdrawn status Lost status Source of classification or shelving scheme Damaged status Not for loan Collection code Home library Current library Date acquired Source of acquisition Total Checkouts Full call number Barcode Date last seen Price effective from Koha item type Copy number
    Dewey Decimal Classification     Colección Juvenil Dominicana Biblioteca Pública Metropolitana Salomé Ureña Biblioteca Pública Metropolitana Salomé Ureña 02/04/2015 ALFAGUARA   RD861.408 F996s BPMSU15041053 02/04/2015 02/04/2015 Libros  
    Dewey Decimal Classification     Colección Juvenil Dominicana Biblioteca Pública Metropolitana Salomé Ureña Biblioteca Pública Metropolitana Salomé Ureña 02/04/2015 ALFAGUARA   RD861.408 F996s BPMSU15041054 02/04/2015 02/04/2015 Libros e. 2
    Dewey Decimal Classification     Colección Juvenil Dominicana Biblioteca Pública Metropolitana Salomé Ureña Biblioteca Pública Metropolitana Salomé Ureña 02/04/2015 ALFAGUARA   BPMSU CJG RD861.408 F996s BPMSU26050048 05/08/2026 02/04/2015 Libros e. 3